000
00346nam a2200145Ia 4500
003
OSt
005
20240328124220.0
008
170523s9999 xx 000 0 und d
020
_a
978-8126530908
040
_c
IIMT UNIVERSITY MEERUT
100
_a
Nag- Debabrata
245
0
_a
Mechanical Vibrations
260
_a
Wiley India
942
_2
ddc
_c
02
999
_c
12237
_d
12237